| 000 | 00723nam a2200181 a 4500 | ||
|---|---|---|---|
| 005 | 20140412111229.0 | ||
| 008 | 020604s19uu xx 00 eng d | ||
| 020 | _a0-06-445135-6 | ||
| 050 |
_aM 551.2'2 _bB72 1990 |
||
| 100 | _aBranley, Franklyn M. | ||
| 245 |
_aEarthquakes / _cby Franklin M. Branley ; illustrated by Richard Roseblum. |
||
| 260 |
_a[s.l.] : _bHarperCollins Publishers, _c1990. |
||
| 300 | _a32 p. ; ill. | ||
| 440 | _aLet's Read and Find Out Science | ||
| 520 | _aDiscusses why earthquakes happen, what their sometimes devastating effetcs can be, where the danger zones are, and what measures people can take to safeguard themselves | ||
| 650 |
_aEarthquakes _xJuvenile literature |
||
| 999 |
_c102124 _d102124 |
||